LEADER 03382nam 2200817 450 001 9910453158603321 005 20211025211215.0 010 $a1-4529-4790-2 010 $a0-8166-8147-3 010 $a0-8166-7627-5 035 $a(CKB)2550000000105901 035 $a(EBL)976975 035 $a(OCoLC)801363549 035 $a(SSID)ssj0000692038 035 $a(PQKBManifestationID)11448065 035 $a(PQKBTitleCode)TC0000692038 035 $a(PQKBWorkID)10635016 035 $a(PQKB)10524043 035 $a(StDuBDS)EDZ0001177966 035 $a(MiAaPQ)EBC3039182 035 $a(OCoLC)801412267 035 $a(MdBmJHUP)muse29923 035 $a(MiAaPQ)EBC976975 035 $a(Au-PeEL)EBL976975 035 $a(CaPaEBR)ebr10806485 035 $a(CaONFJC)MIL525625 035 $a(EXLCZ)992550000000105901 100 $a20120117h20122012 uy| 0 101 0 $aeng 135 $aur|n|---||||| 181 $ctxt 182 $cc 183 $acr 200 10$aOn the run in Siberia /$fRane Willerslev ; translated by Coili?n O?hAiseadha 210 1$aMinneapolis :$cUniversity of Minnesota Press,$d[2012] 210 4$dİ2012 215 $a1 online resource (230 p.) 300 $a"Originally published in Danish as Pa? flugt i Sibirien : Zobeljagt, russisk mafia og 65 minusgrader (Copenhagen : Gyldendal, 2009)"--title page verso. 311 $a0-8166-7626-7 320 $aIncludes bibliographical references (pages 201-207). 327 $aCover; Contents; Preface and Acknowledgments; Glossary; Gallery of Characters; One Last, Feeble Attempt; THE FUR PROJECT; 1. Shalugin, Leader of the Yukaghirs; 2. A Post-Soviet Nightmare; 3. Sable Furs for Sale; ON THE RUN IN THE WILDERNESS; 4. Out of Range; 5. Soft Gold; 6. Starvation and Desperation; 7. In the Yukaghirs' Camp; 8. A Long-Awaited Friend; BACK TO THE VILLAGE; 9. The Curse; 10. Land of Shadows; 11. Screwed; 12. The Way Back; A Leap in Time; APPENDIXES: SURVIVING IN SIBERIA; A. Using the Leghold Trap; B. Yukaghir Idols; C. Netting Fish in Siberia 327 $aD. Finding Your Way in the TaigaE. How to Track and Shoot a Moose; Notes 330 $aA hair-raising tale of idealism, political corruption, shamanism, and survival in the Siberian wilderness 606 $aYukaghir$xHunting$zRussia (Federation)$zSiberia 606 $aYukaghir$zRussia (Federation)$zSiberia$xSocial life and customs 606 $aRefugees$zRussia (Federation)$zSiberia$vBiography 606 $aAnthropologists$zDenmark$vBiography 606 $aSable trapping$zRussia (Federation)$zSiberia 606 $aFur trade$zRussia (Federation)$zSiberia 606 $aMafia$zRussia (Federation)$zSiberia 607 $aSiberia (Russia)$xDescription and travel 607 $aSiberia (Russia)$xSocial life and customs 608 $aElectronic books. 615 0$aYukaghir$xHunting 615 0$aYukaghir$xSocial life and customs. 615 0$aRefugees 615 0$aAnthropologists 615 0$aSable trapping 615 0$aFur trade 615 0$aMafia 676 $a305.89/46 676 $aB 700 $aWillerslev$b Rane$f1971-$01029260 701 $aO?hAiseadha$b Coili?n$01029261 801 0$bMiAaPQ 801 1$bMiAaPQ 801 2$bMiAaPQ 906 $aBOOK 912 $a9910453158603321 996 $aOn the run in Siberia$92445559 997 $aUNINA LEADER 05444oam 22011294 450 001 9910788232703321 005 20230721045625.0 010 $a1-4623-9111-7 010 $a1-4527-8641-0 010 $a1-4518-7041-8 010 $a1-282-84134-3 010 $a9786612841347 035 $a(CKB)3170000000055083 035 $a(EBL)1607966 035 $a(SSID)ssj0000944161 035 $a(PQKBManifestationID)11503328 035 $a(PQKBTitleCode)TC0000944161 035 $a(PQKBWorkID)10983260 035 $a(PQKB)10048888 035 $a(OCoLC)761981611 035 $a(MiAaPQ)EBC1607966 035 $a(IMF)WPIEE2008183 035 $a(EXLCZ)993170000000055083 100 $a20020129d2008 uf 0 101 0 $aeng 135 $aur|n|---||||| 181 $ctxt 182 $cc 183 $acr 200 10$aKernel Density Estimation Based on Grouped Data : $eThe Case of Poverty Assessment /$fCamelia Minoiu, Sanjay Reddy 210 1$aWashington, D.C. :$cInternational Monetary Fund,$d2008. 215 $a1 online resource (36 p.) 225 1 $aIMF Working Papers 225 0$aIMF working paper ;$vWP/08/183 300 $aDescription based upon print version of record. 311 $a1-4519-1494-6 320 $aIncludes bibliographical references. 327 $aContents; I. Motivation; II. The Data Structure and the Bias of the Estimator; III. The Bandwidth and Kernels Considered; IV. Monte Carlo Study; A. Theoretical Distributions; B. Summary Statistics, Density Estimates and Diagrams; C. Poverty Estimates; V. Country Studies; VI. Global Poverty; VII. Conclusions; References; Appendix; Appendix Figures; 1. Distributions used in Monte Carlo analysis; 2. Bias of KDE-based density (log-normal distribution); Appendix Tables; 1. Summary statistics from KDE-based sample; 3. Bias of estimated density (multimodal distribution) 327 $a4. Bias of estimated density (Dagum distribution)2. Bias of poverty measures (Low and High Poverty Lines); 5. Bias in the poverty headcount ratio versus location of poverty line; 3. Bias of poverty measures (Triweight kernel, Poverty line: 0.25 x median); 4. Bias of poverty measures (Hybrid bandwidth, Poverty line: 0.5 x median); 5. Bias of poverty measures (Epanechnikov kernel, Silverman bandwidth); 6. Bias of poverty measures (Gaussian kernel, Poverty line: Capability); 6. Survey-based and grouped data KDE-based density estimates; 7. Global poverty rates (% poor) 327 $a8. Global poverty counts (millions) 330 3 $aWe analyze the performance of kernel density methods applied to grouped data to estimate poverty (as applied in Sala-i-Martin, 2006, QJE). Using Monte Carlo simulations and household surveys, we find that the technique gives rise to biases in poverty estimates, the sign and magnitude of which vary with the bandwidth, the kernel, the number of datapoints, and across poverty lines. Depending on the chosen bandwidth, the $1/day poverty rate in 2000 varies by a factor of 1.8, while the $2/day headcount in 2000 varies by 287 million people. Our findings challenge the validity and robustness of poverty estimates derived through kernel density estimation on grouped data. 410 0$aIMF Working Papers; Working Paper ;$vNo. 2008/183 606 $aPoverty$xMeasurement 606 $aIncome distribution$xEconometric models 606 $aKernel functions 606 $aEconometrics$2imf 606 $aMacroeconomics$2imf 606 $aDemography$2imf 606 $aPoverty and Homelessness$2imf 606 $aWelfare, Well-Being, and Poverty: General$2imf 606 $aPersonal Income, Wealth, and Their Distributions$2imf 606 $aAggregate Factor Income Distribution$2imf 606 $aDemographic Economics: General$2imf 606 $aEstimation$2imf 606 $aPoverty & precarity$2imf 606 $aPopulation & demography$2imf 606 $aEconometrics & economic statistics$2imf 606 $aPoverty$2imf 606 $aPersonal income$2imf 606 $aIncome distribution$2imf 606 $aPopulation and demographics$2imf 606 $aEstimation techniques$2imf 606 $aIncome$2imf 606 $aPopulation$2imf 606 $aEconometric models$2imf 607 $aNicaragua$2imf 615 0$aPoverty$xMeasurement. 615 0$aIncome distribution$xEconometric models. 615 0$aKernel functions. 615 7$aEconometrics 615 7$aMacroeconomics 615 7$aDemography 615 7$aPoverty and Homelessness 615 7$aWelfare, Well-Being, and Poverty: General 615 7$aPersonal Income, Wealth, and Their Distributions 615 7$aAggregate Factor Income Distribution 615 7$aDemographic Economics: General 615 7$aEstimation 615 7$aPoverty & precarity 615 7$aPopulation & demography 615 7$aEconometrics & economic statistics 615 7$aPoverty 615 7$aPersonal income 615 7$aIncome distribution 615 7$aPopulation and demographics 615 7$aEstimation techniques 615 7$aIncome 615 7$aPopulation 615 7$aEconometric models 676 $a339.46 700 $aMinoiu$b Camelia$0874355 701 $aReddy$b Sanjay$0602369 801 0$bDcWaIMF 906 $aBOOK 912 $a9910788232703321 996 $aKernel Density Estimation Based on Grouped Data$93704156 997 $aUNINA